Quelle est la sous famille de chaque solide - Statistiques

Statistiques générales
  • Ce quiz a été pris 33 fois
  • Le résultat moyen est 6 sur 10
Statistiques - réponses
Par images Réponse % Correct
sphere
94%
cylindre
90%
cone
84%
pyramide
71%
pyramide
68%
prisme
52%
cylindre
48%
prisme
42%
prisme
32%
prisme
29%
Aucun quiz correspondant
Distribution des résultats
% des personnes avec chaque résultat
Percentile par nombre de réponses
Votre historique - résultats
Vous n’avez pas pris ce quiz